000 01892nam a2200217Ia 4500
003 OSt
005 20210921124400.0
008 210310q2010 esoad fr 000 0 eng d
040 _aCO-JMCR
_cCO-JMCR
041 0 _aita
082 0 4 _a338.0945 /
_bD614o
_223
110 2 _aDistretti Italiani, Ministero dello Sviluppo Economico
_940668
245 1 0 _aOsservatorio nazionale distretti italiani /
_cDistretti Italiani, Ministero dello Sviluppo Economico
260 _a[Roma] :
_b[Unioncamere],
_c2010
300 _a224 páginas :
_bilustraciones y gráficas a blanco y negro ;
_c21 cm.
500 _aIncluye notas pie de página.
504 _aBibliografía al final de cada capítulo.
505 0 _a
_tI distretti dell'Osservatorio: sintesi dei fenomeni più rilevanti emersi dal II Rapporto /
_rAntonio Ricciardi
_rModalità organizzative e vantaggi localizzativi delle imprese distrettuali nel nuovo decennio /
_ra cura di Unioncamere
_tLe recenti trasformazioni nei distretti industriali italiani /
_rGiovanni luzzolino e Giacinto Micucci-Banca d'Italia
_tIl modello fluido e inesauribile dei distretti produttivi italiani /
_ra cura del Censis - Centro Studi Investimenti Sociali
_tAnalisi economico-finanziaria dei distretti industriali italiani /
_rGiovanni Foresti, Fabrizio Guelpa e Angelo Palumbo Intesa Sanpaolo
_tLa dinamica dell'export distrettuale italiano durante la crisi e la prima fase della ripresa /
_rMarco Fortis e Monica Carminati - Fondazione Edison
_tL'Indice 2011 della Qualità della Vita dei Distretti. Un indicatore delle condizioni di contesto delle imprese dei distretti italiani /
_ra cura di Confartigianato
_tLe politiche ambientali dei distretti italiani: cinque esperienze a confronto /
_ra cura di Unioncamere - Fondazione Symbola
650 1 4 _aDistritos industriales
_917765
_xPublicaciones periódicas
_zItalia
942 _2ddc
_cBK
999 _c8606
_d8606